000
00340nam a2200145Ia 4500
008
240624s9999 xx 000 0 und d
041
_a
eng
082
_a
658.4092 DUM
100
_a
DUMAS COLETTE
245
_a
CHANGE LEADERSHIP
260
_c
2015
_a
New Delhi
_b
Sage
300
_a
xxxii, 311 p.; 23 cm.
365
_c
BPS
_b
38
440
_v
3
999
_c
30974
_d
30974